| 000 | 01164nam a2200301Ia 4500 | ||
|---|---|---|---|
| 003 | OSt | ||
| 005 | 20221007125129.0 | ||
| 006 | a|||||r|||| 00| 0 | ||
| 007 | ta | ||
| 008 | 221006b |||||||| |||| 00| 0 eng d | ||
| 020 |
_a0841233810 (hbd) _c _ 89.95 |
||
| 024 | _a4760 | ||
| 037 |
_bEducational, _cTextual |
||
| 040 |
_aCDL _cCDL _beng |
||
| 041 |
_2eng _aeng |
||
| 082 | _aE5:4-81, N6 | ||
| 100 |
_aAbdel-Magid Ahmed F Ed _9721598 |
||
| 245 | 0 | _aReductions in organic synthesis: recent advances and practical applications ed by Ahmed F Abdel-Magid | |
| 260 |
_aWashington, _bDC American Chemical Society _c1996 |
||
| 300 |
_ax, 228p _ccm. |
||
| 490 | _aA C S symposium series; 641 | ||
| 500 | _aIncludes bibliographical references; Indexes 219-228p; ^n23/CSL/Carc/97-98/4850^d1997-11-24^mPurchase; ; 97-98/277^b1998-02-04^cEBA/162/97-98^d1998-01-01^eEducational Book Agency (India); ; 1998-02-20^bSB^c1998-03-26^dSB^r1998-05-14 | ||
| 650 | _a Reduction | ||
| 650 | _a Synthesis | ||
| 650 | _aChemistry,Organic compounds | ||
| 942 |
_hE5:4-81, N6 _cTEXL _2CC |
||
| 999 |
_c1214739 _d1214739 |
||